<?xml version="1.0" encoding="UTF-8"?>
<record
    xmlns:xsi="http://www.w3.org/2001/XMLSchema-instance"
    xsi:schemaLocation="http://www.loc.gov/MARC21/slim http://www.loc.gov/standards/marcxml/schema/MARC21slim.xsd"
    xmlns="http://www.loc.gov/MARC21/slim">

  <leader>01063nam a2200253 u 4500</leader>
  <controlfield tag="001">000078499</controlfield>
  <controlfield tag="005">20200120224320.0</controlfield>
  <controlfield tag="008">101105s2014    ck a   gr     000 0 spa d</controlfield>
  <datafield tag="020" ind1=" " ind2=" ">
    <subfield code="a">9789586959537</subfield>
  </datafield>
  <datafield tag="041" ind1=" " ind2=" ">
    <subfield code="a">spa</subfield>
  </datafield>
  <datafield tag="043" ind1=" " ind2=" ">
    <subfield code="a">s-ck---</subfield>
  </datafield>
  <datafield tag="082" ind1="0" ind2="4">
    <subfield code="a">860.09</subfield>
    <subfield code="b">U54</subfield>
    <subfield code="2">21</subfield>
  </datafield>
  <datafield tag="110" ind1="2" ind2=" ">
    <subfield code="a">Universidad Nacional de Colombia. Facultad de Ciencias Humanas</subfield>
  </datafield>
  <datafield tag="245" ind1="1" ind2="4">
    <subfield code="a">La imagen de Cundinamarca en cuatro siglos de literatura colombiana :</subfield>
    <subfield code="b">siglos XVI al XIX /</subfield>
    <subfield code="c">Hugo Hern&#xE1;n Ram&#xED;rez Sierra (compilador).</subfield>
  </datafield>
  <datafield tag="250" ind1=" " ind2=" ">
    <subfield code="a">1a. ed.</subfield>
  </datafield>
  <datafield tag="260" ind1=" " ind2=" ">
    <subfield code="a">Bogot&#xE1; :</subfield>
    <subfield code="b">Universidad de los Andes. Facultad de Artes y Humanidades. Departamento de Humanidades y Literatura</subfield>
    <subfield code="b">Gobernaci&#xF3;n de Cundinamarca,</subfield>
    <subfield code="c">2014.</subfield>
  </datafield>
  <datafield tag="300" ind1=" " ind2=" ">
    <subfield code="a">134 p.</subfield>
  </datafield>
  <datafield tag="500" ind1=" " ind2=" ">
    <subfield code="a">Incluye datos biogr&#xE1;ficos del compilador</subfield>
  </datafield>
  <datafield tag="504" ind1=" " ind2=" ">
    <subfield code="a">Incluye bibliograf&#xED;a</subfield>
  </datafield>
  <datafield tag="650" ind1="1" ind2="7">
    <subfield code="a">Literatura</subfield>
    <subfield code="x">Historia</subfield>
    <subfield code="z">Cundinamarca (Colombia)</subfield>
    <subfield code="y">Siglos XVI-XIX</subfield>
    <subfield code="2">LEMB.</subfield>
  </datafield>
  <datafield tag="651" ind1="1" ind2="7">
    <subfield code="a">Cundinamarca (Colombia)</subfield>
    <subfield code="v">Poes&#xED;a</subfield>
    <subfield code="2">LEMB.</subfield>
  </datafield>
  <datafield tag="651" ind1="2" ind2="7">
    <subfield code="a">Cundinamarca (Colombia)</subfield>
    <subfield code="x">Descripciones y viajes</subfield>
    <subfield code="2">LEMB</subfield>
  </datafield>
  <datafield tag="700" ind1="1" ind2=" ">
    <subfield code="a">Ram&#xED;rez Sierra, Hugo</subfield>
    <subfield code="e">compilador.</subfield>
  </datafield>
  <datafield tag="999" ind1=" " ind2=" ">
    <subfield code="c">8967</subfield>
    <subfield code="d">8967</subfield>
  </datafield>
  <datafield tag="952" ind1=" " ind2=" ">
    <subfield code="0">0</subfield>
    <subfield code="1">0</subfield>
    <subfield code="2">ddc</subfield>
    <subfield code="4">0</subfield>
    <subfield code="7">0</subfield>
    <subfield code="8">GEN</subfield>
    <subfield code="a">BPMOS</subfield>
    <subfield code="b">BPMOS</subfield>
    <subfield code="d">2020-01-20</subfield>
    <subfield code="i">107803</subfield>
    <subfield code="l">0</subfield>
    <subfield code="o">860.09 U54</subfield>
    <subfield code="p">MOS015153</subfield>
    <subfield code="r">2020-01-20</subfield>
    <subfield code="t">ej.1</subfield>
    <subfield code="w">2020-01-20</subfield>
    <subfield code="y">BK</subfield>
    <subfield code="z">Ocho d&#xED;as</subfield>
  </datafield>
</record>
